[Event "Goch op 16th"]
[Site "Goch"]
[Date "2005.10.01"]
[Round "3"]
[White "Andre, Wolfgang"]
[Black "Dubbratz, Frank"]
[Result "0-1"]
[WhiteElo "2242"]
[BlackElo "2091"]
[PlyCount "58"]
[EventDate "2005.09.30"]
[EventType "swiss"]
[EventRounds "7"]
[EventCountry "GER"]
[SourceTitle "EXT 2007"]
[Source "ChessBase"]
[SourceDate "2006.11.23"]
[SourceVersion "1"]
[SourceVersionDate "2006.11.23"]
[SourceQuality "1"]

1. e4 b6 2. d4 Bb7 3. Nc3 e6 4. a3 Ne7 5. Nf3 d6 6. Bg5 h6 7. Bh4 g5 8. Bg3 Bg7 9. h4 g4 10. Nh2 h5 11. Qd2 Ng6 12. d5 Qe7 13. Bb5+ Nd7 14. dxe6 Qxe6 15. 0-0 0-0-0 16. Rfe1 Nc5 17. b4 Bxc3 18. Qxc3 Nxe4 19. Qd3 Qf5 20. Ba6 Nxg3 21. Bxb7+ Kxb7 22. Qxg3 Rde8 23. Qc3 Nxh4 24. a4 Qd5 25. Qg3 Rxe1+ 26. Rxe1 Qd2 27. Qe3 Qxb4 28. a5 Qxa5 29. c3 Qd5 0-1

[Event "Goch op 16th"]
[Site "Goch"]
[Date "2005.09.30"]
[Round "1"]
[White "Andre, Wolfgang"]
[Black "Strater, Heinz"]
[Result "1-0"]
[WhiteElo "2242"]
[BlackElo "1930"]
[PlyCount "47"]
[EventDate "2005.09.30"]
[EventType "swiss"]
[EventRounds "7"]
[EventCountry "GER"]
[SourceTitle "EXT 2007"]
[Source "ChessBase"]
[SourceDate "2006.11.23"]
[SourceVersion "1"]
[SourceVersionDate "2006.11.23"]
[SourceQuality "1"]

1. e4 e6 2. Nf3 d5 3. e5 c5 4. b4 cxb4 5. a3 Nc6 6. axb4 Bxb4 7. c3 Ba5 8. d4 f6 9. Bd3 fxe5 10. dxe5 Nge7 11. 0-0 Nf5 12. Bg5 Qc7 13. Bxf5 exf5 14. Qxd5 Bb6 15. e6 h6 16. Bh4 g5 17. Qxf5 gxh4 18. Re1 Qg7 19. Qh5+ Kf8 20. Ra4 Bd8 21. Nxh4 Bg5 22. Ng6+ Kg8 23. h4 Bf6 24. Rg4 1-0

[Event "Oberliga Nord W 0405"]
[Site "Germany"]
[Date "2004.11.14"]
[Round "2.4"]
[White "Andre, Wolfgang"]
[Black "Heinemann, Ernst"]
[Result "1-0"]
[WhiteElo "2225"]
[BlackElo "2261"]
[PlyCount "147"]
[EventDate "2004.10.24"]
[EventType "team-tourn"]
[EventRounds "9"]
[EventCountry "GER"]
[SourceTitle "EXT 2006"]
[Source "ChessBase"]
[SourceDate "2005.11.24"]
[SourceVersion "1"]
[SourceVersionDate "2005.11.24"]
[SourceQuality "1"]
[WhiteTeam "Nordhorn Blanke"]
[BlackTeam "Oldenburg Union"]
[WhiteTeamCountry "GER"]
[BlackTeamCountry "GER"]

1. e4 c6 2. d4 d5 3. Nc3 dxe4 4. Nxe4 g6 5. Bc4 Bg7 6. c3 Nh6 7. Nf3 0-0 8. h3 Nf5 9. 0-0 Nd6 10. Nxd6 Qxd6 11. Qe2 Nd7 12. Re1 e6 13. Ne5 Nxe5 14. dxe5 Qe7 15. Bf4 h6 16. Rad1 Kh7 17. Rd2 Bd7 18. Red1 Be8 19. Qe4 c5 20. Rd6 Rc8 21. Qd3 Bc6 22. Bb5 Bxb5 23. Qxb5 a6 24. Qd3 Rc7 25. Bg3 Rfc8 26. c4 Qe8 27. b3 Qh8 28. f4 Qe8 29. Bh4 Bf8 30. Rd7 Kg8 31. Bd8 Rxd7 32. Qxd7 Qxd7 33. Rxd7 b5 34. Bc7 g5 35. g3 gxf4 36. gxf4 Kg7 37. Kf2 bxc4 38. bxc4 Kg6 39. Ke3 h5 40. a4 Bh6 41. a5 Bf8 42. Ke4 Bh6 43. Bb6 Ra8 44. Rd6 Bf8 45. Rc6 Rb8 46. h4 f5+ 47. exf6 Kxf6 48. Bxc5 Bxc5 49. Rxc5 Rg8 50. Rxh5 Rg1 51. Rh6+ Ke7 52. f5 Re1+ 53. Kd3 exf5 54. Rxa6 f4 55. Rb6 f3 56. Rb2 Ra1 57. Ke3 Rxa5 58. Kxf3 Ra1 59. Rc2 Kf6 60. c5 Ra3+ 61. Ke4 Ke7 62. Kd5 Kd7 63. Rh2 Ra6 64. Rc2 Ra1 65. c6+ Kc7 66. Rc4 Re1 67. Kd4 Re2 68. Kd3 Re6 69. h5 Re5 70. Rh4 Kxc6 71. h6 Re8 72. h7 Rh8 73. Ke4 Kd6 74. Kf5 1-0

[Event "Oberliga Nord W 0405"]
[Site "Germany"]
[Date "2004.10.24"]
[Round "1.4"]
[White "David, Adrian"]
[Black "Andre, Wolfgang"]
[Result "1-0"]
[WhiteElo "2306"]
[BlackElo "2225"]
[PlyCount "81"]
[EventDate "2004.10.24"]
[EventType "team-tourn"]
[EventRounds "9"]
[EventCountry "GER"]
[SourceTitle "EXT 2006"]
[Source "ChessBase"]
[SourceDate "2005.11.24"]
[SourceVersion "1"]
[SourceVersionDate "2005.11.24"]
[SourceQuality "1"]
[WhiteTeam "Hameln"]
[BlackTeam "Nordhorn Blanke"]
[WhiteTeamCountry "GER"]
[BlackTeamCountry "GER"]

1. Nf3 f5 2. c4 Nf6 3. g3 g6 4. Bg2 Bg7 5. 0-0 0-0 6. d4 d6 7. Nc3 Qe8 8. d5 a5 9. Nd4 Na6 10. b3 Bd7 11. Bb2 g5 12. Qd2 Qh5 13. Ncb5 f4 14. Ne6 Bxe6 15. dxe6 Ng4 16. h3 Ne5 17. g4 Qh6 18. Nd4 c6 19. Qxa5 c5 20. Nf5 Rxf5 21. gxf5 g4 22. Qd2 Rf8 23. Be4 Qxh3 24. Qxf4 Nd3 25. Qg3 Qxg3+ 26. fxg3 Bxb2 27. exd3 Bxa1 28. Rxa1 b6 29. a3 Kg7 30. Kf2 Kf6 31. Rh1 Rh8 32. Rh5 Nc7 33. Ke3 Ke5 34. Rg5 h5 35. Rg7 Ne8 36. Rxe7 Nf6 37. Rg7 h4 38. gxh4 Rxh4 39. e7 Rh3+ 40. Kf2 Rh2+ 41. Kg1 1-0